Prevention of armed conflict: report of the secretary-general

Sparad:
Bibliografiska uppgifter
Huvudupphovsman: Annan, Kofi A (Författare, medförfattare)
Materialtyp: Bok
Språk:engelska
Publicerad: Nueva York United Nations 2002
Ämnen:
Taggar: Lägg till en tagg
Inga taggar, Lägg till första taggen!

MARC

LEADER 00000nam a2200000 a 4500
001 UCI1397
003 CL-VaPUC
008 070629e20020000US |||||||||||||||||eng|d
020 |a 9211008913 
082 0 4 |a 341.2  |b ANN  |2 21 
100 0 |a Annan, Kofi A  |e author  |9 521880 
245 1 0 |a Prevention of armed conflict: report of the secretary-general 
300 |a 106 p 
942 |c BK 
945 |d 20070629 00:00:00  |a jtorresc 
260 |a Nueva York  |b United Nations  |c 2002 
650 7 |a ORGANIZACIONES INTERNACI0NALES  |2 CL-VaPUC  |9 475347 
650 0 |a Política internacional  |9 255813 
650 0 |a Relaciones Internacionales  |9 255740 
650 0 |a Derecho internacional  |9 255637 
650 7 |a NACIONES UNIDAS  |2 CL-VaPUC  |9 308939 
583 |a last modification  |c 20070629 00:00:00  |k Rodrigo Vera 
999 |c 326221  |d 326219 
952 |0 0  |1 0  |4 0  |6 341_200000000000000_ANN_2002  |7 0  |8 A  |9 407992  |a BIBGIM  |b BIBGIM  |d 2019-11-22  |i 4278046  |o 341.2 ANN 2002  |p 4278046  |r 2025-01-15  |w 2019-11-22  |y BK  |k ORI